000 01121 a2200301 4500
020 _a0538680474
020 _a9780538680479
082 0 4 _a512
090 _c305
_d305
100 1 _aGerver, Robert.
245 1 0 _aSouth-western algebra 1 :
_ban integrated approach, student edition /
_cRobert Gerver.
260 _a[S.l.] :
_bIntrepid Traveler,
_c1997.
300 _a794 p. ;
_c26 cm.
500 _aHardcover.
520 _aThis is the algebra program that applies math to real life, builds skills for work and careers, prepares your students for future math courses, and prepares students for state and national testing.
650 4 _aScience/Mathematics.
650 4 _aAlgebra.
650 4 _aMathematics.
650 4 _aAlgebra - General.
650 4 _aGeneral.
700 1 _aSgroi, Richard.
700 1 _aHansen, Mary.
700 1 _aCarter, Claudia.
700 1 _aMolina, David.
856 4 0 _3Amazon.com
_uhttp://www.amazon.com/exec/obidos/ASIN/0538680474/chopaconline-20
856 4 0 _3Amazon customer reviews
_uhttp://www.chopac.org/cgi-bin/tools/azrev.pl?q=0538680474
942 _aNBS
_cBK
_k512 GER
999 _c342874
_d342874